000 00568nam a2200181Ia 4500
003 GCL
008 140319s9999 xx 000 0 ara d
040 _aGCL /
_cGCL
082 0 4 _a346.07
_bع.ش
100 1 _aعبدالفتاح مراد
_vReviewer
_@
…راجع
245 1 0 _aشرح قانون قطاع الاعمال العام /
_cعبدالفتاح مراد
260 _a[S.N] :
_bفؤاد هاشم الكتبى ،
_c1992
300 _a815 ص
490 _a
650 0 4 _aالقانون
650 0 4 _aالقانون التجارى
942 _2ddc
_cBK
999 _c53853
_d53853